Statistics for Cricket Test-Playing Nations

Click here to take the quiz!

General Stats

  • This quiz has been taken 78 times
  • The average score is 11 of 12

Answer Stats

first testnation% Correct
1877Australia
100%
1877England
99%
1952Pakistan
99%
1889South Africa
99%
1982Sri Lanka
99%
1932India
97%
1930New Zealand
94%
1928West Indies
94%
2000Bangladesh
93%
1992Zimbabwe
87%
2018 ?Ireland
85%
2018 ?Afghanistan
79%

Score Distribution

Percentile by Number Answered

Percent of People with Each Score

Your Score History

You have not taken this quiz